| 000 | 00655nam a22002297a 4500 | ||
|---|---|---|---|
| 001 | 30237 | ||
| 003 | UA-OsUOA | ||
| 005 | 20210720115444.0 | ||
| 007 | ta | ||
| 008 | 20041108b un ||||| |||| 00| 0 ukr d | ||
| 040 |
_aUA-OsUOA _bukr _cUA-OsUOA _dUA-OsUOA |
||
| 041 | _aukr | ||
| 044 | _aUA | ||
| 080 | _a91 | ||
| 090 |
_a91 _bВ42 |
||
| 245 |
_aВидатні вітчизняні географи, мандрівники та мореплавці _cред. О. Т. Діброви _nВип. 2 |
||
| 260 |
_aКиїв _bРадянська школа _c1957 |
||
| 300 |
_a175 с. _bІлюстрації |
||
| 650 | 7 | _2UDC | |
| 942 |
_cBK _2udc |
||
| 955 | _a0 | ||
| 999 |
_c316645 _d316645 |
||